Normal view
MARC view
- القرآن الكريم-علوم
Entry Topical Term
001 - CONTROL NUMBER
- control field: 62069
003 - CONTROL NUMBER IDENTIFIER
- control field: JO-AjAnu
005 - DATE AND TIME OF LATEST TRANSACTION
- control field: 20230606084135.0
008 - FIXED-LENGTH DATA ELEMENTS
- fixed length control field: 230606|| aca||aabn | a|a d
040 ## - CATALOGING SOURCE
- Original cataloging agency: JO-AjAnu
- Transcribing agency: JO-AjAnu
150 ## - HEADING--TOPICAL TERM
- Topical term or geographic name entry element: القرآن الكريم-علوم
670 ## - SOURCE DATA FOUND
- Source citation: Work cat.: (JO-AjAnu)31655: بقلم الصابوني، محمد علي, author 62068, التبيان في علوم القرآن: محاضرات في علوم القرآن تبحث عن نزولة وتدوينه وجمعه واعجازه وعن التفسير والمفسرين مع رد شبهات المستشرقين باسلوب يجمع بين الجدة والتحقيق